• 首页
  • 本馆介绍
  • 公告通知
  • 最新文献
  • 馆藏检索
  • 电子资源
  • 读者导购
  • 参考咨询
  • 我的图书馆
  • 登录
  • 详细信息显示
  • 放入我的书架
  • 预约/预借图书
  • 作者相关作品
  • 分类相关作品
  • 丛书相关作品
  • 出版社相关作品

书目信息

  • 表格格式
  • 工作单格式
  • 卡片格式
题名:
世界语进修读本
    
 
作者: 奥尔德 , Auld 编
分册:  
出版信息: 北京   中国世界语出版社  1985
页数: 229页
开本: 19cm
丛书名:
单 册:
中图分类: H91
科图分类:
主题词: 世界语--教学参考资料
电子资源:
ISBN:
000 00653nam0 2200241 45
001 0185014043
005 20040509174222.9
010    @dCNY1.80
100    @a19951101d1985 em y0chiy0121 ea
101 1  @achi@aesp
102    @aCN@b110000
105    @ay z 000yy
106    @ar
200 10 @a世界语进修读本@Ashi jie yu jin xiu dou ben@f()奥尔德(Auld,W.)编
210    @a北京@c中国世界语出版社@d1985
215    @a229页@d19cm
606    @a世界语@x教学参考资料
690    @aH91@v3
701  1 @a奥尔德@bW.@4编@Aao er de
701 A1 @aAuld@bW.@4编
801  0 @aCN@b深圳图书馆@c20040509
801  2 @aCN@bNLC@c20040509
905    @f4@b147880-883@dH91@e12
    
    世界语进修读本/()奥尔德(Auld,W.)编.-北京:中国世界语出版社,1985
    229页;19cm
    
    
    ISBN :CNY1.80
    
●
相关链接 在E读中查询图书 在五车中查询图书 在当当中查询图书 在豆瓣中查询图书


正题名:世界语进修读本     索取号:H91/12         预约/预借

序号 登录号 条形码 馆藏地/架位号 状态 备注
1 0147880   001168408   第四借阅区/ [索取号:H91/12] 在馆    
2 0147881   001168391   第四借阅区/ [索取号:H91/12] 在馆    
3 0147882   001168417   第四借阅区/ [索取号:H91/12] 在馆    
4 0147883   001168426   第四借阅区/ [索取号:H91/12] 在馆    
5 0147884   001168382   第二样本阅览室/ [索取号:H91/12] 在馆    
唐山师范学院图书馆 欢迎您!
大连网信软件有限公司© 版权所有